000 00438nam a2200181Ia 4500
005 20250326142224.0
008 250326s9999 xx 000 0 und d
037 _aTextbook
040 _aFMSL
_beng
_cFMSL
041 _aeng
_2eng
084 _qFMSL
100 _aMeade J E
245 0 _aJust economy
_cMeade J E
260 _aGeorge
_bGeorge, Allan & Unwin
_c1976
300 _a247p
942 _cTB
999 _c1294008
_d1294008